• 首页
  • 本馆介绍
  • 公告通知
  • 最新文献
  • 馆藏检索
  • 电子资源
  • 读者导购
  • 参考咨询
  • 我的图书馆
  • 登录
  • 详细信息显示
  • 放入我的书架
  • 预约/预借图书
  • 作者相关作品
  • 分类相关作品
  • 丛书相关作品
  • 出版社相关作品

书目信息

  • 表格格式
  • 工作单格式
  • 卡片格式
题名:
陆战之王
    
 
作者: 张连军 著
分册:  
出版信息: 西安   未来出版社  2018
页数: 236页
开本: 24cm
丛书名:
单 册:
中图分类: E923.1
科图分类:
主题词: 坦克--世界--通俗读物
电子资源:
ISBN: 978-7-5417-6287-1
000 00850nam0 2200253 450
001 012001000263
005 20140920091301.0
010    @a978-7-5417-6287-1@dCNY45.00
100    @a20180819d2018 em y0chiy50 ea
101 0  @achi
102    @aCN@b610000
105    @aa z 000yy
106    @ar
200 1  @a陆战之王@9Lu Zhan Zhi Wang@e坦克@f张连军著
210    @a西安@c未来出版社@d2018
215    @a236页@c照片,图@d24cm
300    @a五星红旗迎风飘扬·大国利器
300    @a国家出版基金项目 “十三五”国家重点图书出版规划项目
330    @a本书分为血雨腥风 战王出世、新的战法 王者开元、沙场点兵 将帅传奇、经典战役 开创神奇等9章,对坦克的发展历程作一全面的回顾和讲述。
606 0  @a坦克@y世界@j通俗读物
690    @aE923.1@v5
701  0 @a张连军@9Zhang Lian Jun@4著
801  0 @aCN@b上海新华@c20180901
905    @b1041303-07@dE923.1@e50@f5
    
    陆战之王:坦克/张连军著.-西安:未来出版社,2018
    236页:照片,图;24cm
    五星红旗迎风飘扬·大国利器.-国家出版基金项目 “十三五”国家重点图书出版规划项目
    
    ISBN 978-7-5417-6287-1:CNY45.00
    本书分为血雨腥风 战王出世、新的战法 王者开元、沙场点兵 将帅传奇、经典战役 开创神奇等9章,对坦克的发展历程作一全面的回顾和讲述。
●
相关链接 在E读中查询图书 在五车中查询图书 在当当中查询图书 在豆瓣中查询图书


正题名:陆战之王     索取号:E923.1/50         预约/预借

序号 登录号 条形码 馆藏地/架位号 状态 备注
1 1041303   210413033   第一样本阅览室/ [索取号:E923.1/50] 在馆    
2 1041304   210413042   密集书库-资源管理系/ [索取号:E923.1/50] 在馆    
3 1041305   210413051   第一借阅区/ [索取号:E923.1/50] 在馆    
4 1041306   210413060   第一借阅区/ [索取号:E923.1/50] 在馆    
5 1041307   210413079   第一借阅区/ [索取号:E923.1/50] 在馆    
唐山师范学院图书馆 欢迎您!
大连网信软件有限公司© 版权所有